[Event "Aars get2net Cup GM"]
[Site "Aars"]
[Date "1999.10.22"]
[Round "7"]
[White "Fedorov, Alexei"]
[Black "Dydyshko, Viacheslav"]
[Result "1-0"]
[WhiteElo "2659"]
[BlackElo "2521"]
[Annotator "Psakhis,L"]
[PlyCount "65"]
[EventDate "1999.10.18"]
[EventType "tourn"]
[EventRounds "9"]
[EventCountry "DEN"]
[EventCategory "9"]
[SourceTitle "CBM 074"]
[Source "ChessBase"]
[SourceDate "2000.02.01"]
[SourceVersion "1"]
[SourceVersionDate "2000.02.01"]
[SourceQuality "1"]

1. e4 c5 2. Nf3 e6 3. d3 d5 4. Qe2 $5 {Big fashion in the end of the 90-ties!
I won myself many games with help of this move, but I am not sure that in 2005
it still will be so polular.} Nc6 5. g3 Nf6 ({Deserves attention} 5... Nge7 $5
{[%cal Gg7g6]}) 6. Bg2 Be7 7. O-O b6 ({Black did more or less well in modern
practice after} 7... O-O 8. e5 Ne8 $5) 8. e5 Nd7 9. c4 d4 10. Nfd2 $1 {[%cal
Gf2f4,Gd2e4] Strong move was palyed first by Evgeny Vasiukov already in 1979!
White open road for f pawn and knight soon will come to key square e4.} (10.
Ne1 Bb7 11. f4 Na5 12. Nf3 Rc8 13. Nbd2 a6 14. Ne4 b5 15. b3 Qb6 16. Bd2 O-O
17. g4 $36 {1-0 Mortensen,E-Bjarnehag,P/Copenhagen PC 1998 (35)}) 10... Bb7 11.
f4 Qc7 12. Ne4 a6 $146 {Maybe slightly better for Black was to make long
castle and play a6 just after 13.Na3 , but I think, that white kkep initiative
in any case.} (12... h6 13. Na3 a6 14. Nc2 b5 15. Bd2 b4 16. b3 a5 17. a3 O-O-O
18. axb4 axb4 19. Ra2 Rdg8 20. Ne1 g5 21. fxg5 Ndxe5 22. gxh6 f5 23. Nf2 Bg5
24. Bxg5 Rxg5 25. Nf3 Nxf3+ 26. Qxf3 Rxh6 27. Ne4 {Kiik,K-Dannevig,O/Oslo 1992/
1-0 (43)}) (12... O-O-O 13. a3 (13. Na3 a6 14. Nc2 h6 15. Bd2 Rdg8 16. a3 Nd8
17. b4 g5 18. bxc5 bxc5 19. Rab1 Bc6 20. Rb2 Rg7 21. Na1 f5 22. exf6 Nxf6 23.
Nxf6 Bxf6 24. Nb3 Re8 25. Bxc6 Qxc6 26. Na5 Qc7 27. Qe4 {Strikovic,A-Paramos
Dominguez,R/Mondariz op 1997/1/2-1/2 (60)}) 13... Rde8 14. b4 f5 15. exf6 gxf6
16. f5 e5 17. b5 Nd8 18. Qh5 Reg8 19. a4 h6 20. a5 Rg7 21. axb6 axb6 22. Nbd2
Qb8 23. Bb2 $16 {1-0 Landa,K-Kovacevic,S/Linares op 1999 (33)}) (12... h5 13.
h3 f5 14. exf6 gxf6 15. f5 e5 16. Nbd2 O-O-O 17. Nf3 Rdg8 18. Nh4 Nf8 19. Kh2
Nd8 20. Bd2 Nf7 21. a3 Nd6 22. b4 {1/2-1/2 Cabrilo,G-Ivanov,J/Arandjelovac
1993 (35)}) 13. Nbd2 {[%cal Gd2f3]} (13. Na3 $5 {[%cal Ga3c2,Gb2b4] also not
bad}) 13... O-O-O 14. a3 h6 15. b4 $1 Kb8 ({It was really dangerous to exept
pawn sacrifice, after} 15... cxb4 16. axb4 Nxb4 (16... Bxb4 17. Ba3 {[%csl Rd6]
}) 17. Ba3 $44 {white have more than enough compensation for the pawn.}) ({
White,s chances are clearly better and after} 15... f5 $6 16. exf6 gxf6 17.
bxc5 Bxc5 (17... Nxc5 18. Nxc5 Bxc5 19. Qxe6+ $18) 18. f5 $1 $16 {[%csl Ge4]})
16. Nb3 Ka7 (16... cxb4 17. axb4 Bxb4 18. Ba3 $36) 17. Bd2 Ra8 (17... f5 18.
exf6 gxf6 19. f5 $16) 18. Rfb1 ({Deserves attention and} 18. b5 $5 {with 
[possible continuation} Nd8 19. bxa6 (19. a4 a5 $1) 19... Bxa6 20. a4 $40)
18... f5 19. exf6 gxf6 20. b5 $1 Nd8 21. a4 f5 ({Anfortunate for Black he
can't play} 21... a5 $2 {because in this case} 22. Nxa5 {wins immediately-}
bxa5 23. b6+ Nxb6 24. Bxa5 $18) 22. a5 $1 {[%mdl 512]} fxe4 23. axb6+ Nxb6 24.
Bxe4 {[%csl Ra7][%cal Rd2a5,Gb3a5] White has a tremendous compensation for the
knight, the black king is open and can't find a safe place around the whole
board.} Kb8 25. Ba5 Kc8 $6 {Lose quickly and easy, little more stubborn
resistance Dydyshko could organized after brave} (25... axb5 $5 {but white
advantage is obvious and in this variation-} 26. Bxb6 $1 Qxb6 27. Rxa8+ ({
Less dangerous for black} 27. Bxb7 Kxb7 (27... Rxa1 28. Nxa1 $1) (27... Nxb7
28. Qe5+ $18 {[%csl Rh8]}) 28. Qe4+ Qc6 (28... Nc6 29. cxb5) 29. Nxc5+ $1 Bxc5
30. Rxb5+ Bb6 31. Rxb6+ $1 Kxb6 32. Qxd4+ Kc7 33. Qxh8 Qc5+ 34. Kf1 Rxa1+ 35.
Qxa1 Qe3 $13 {and it looks that here draw will be correct result.}) 27... Kxa8
(27... Bxa8 28. Nxc5 Qxc5 29. Rxb5+ Qxb5 30. cxb5 $18) 28. Bxb7+ Kxb7 (28...
Qxb7 29. Qe5 $1 {[%cal Rb1a1]}) (28... Nxb7 29. Ra1+ Kb8 30. Qe5+) 29. Nxc5+
Bxc5 30. Rxb5 $16) 26. Bxb7+ Qxb7 27. Qe5 $18 {Now the game is practically
finished.} (27. Nxc5 $5 Bxc5 28. Qe5) 27... Rf8 28. Nxc5 Qa7 (28... Qb8 29.
Qxb8+ Rxb8 30. Nxa6 Rb7 31. c5 $18) 29. Nxe6 Nd7 30. Qe2 Rf6 (30... Nxe6 31.
Qxe6 Qc5 32. Bb4) 31. Bxd8 Bxd8 32. Rxa6 Rxe6 (32... Qb8 33. Rc6+ Kb7 34. Qe4 {
[%csl Gc6,Ge4,Ge6]}) 33. Qxe6 1-0

[Event "Corus"]
[Site "Wijk aan Zee"]
[Date "2004.01.15"]
[Round "5"]
[White "Bologan, Viktor"]
[Black "Timman, Jan H"]
[Result "0-1"]
[WhiteElo "2679"]
[BlackElo "2578"]
[Annotator "Psakhis,L"]
[PlyCount "118"]
[EventDate "2004.01.10"]
[EventType "tourn"]
[EventRounds "13"]
[EventCountry "NED"]
[EventCategory "19"]
[SourceTitle "CBM 099"]
[Source "ChessBase"]
[SourceDate "2004.03.30"]
[SourceVersion "1"]
[SourceVersionDate "2004.03.30"]
[SourceQuality "1"]

1. e4 e6 2. d3 d5 3. Nd2 Nf6 4. Ngf3 b6 $5 (4... c5 5. g3 Nc6 6. Bg2 Be7 7. O-O
O-O 8. e5 Nd7 9. Re1 b5 $132) 5. c3 Be7 (5... c5 $5 6. Be2 (6. Qa4+ Qd7 7. Qc2
Qc7 $13) 6... Bb7 (6... Qc7 $5) 7. O-O Qc7 8. e5 Nfd7 9. d4 Be7 10. Re1 O-O 11.
Bd3 Ba6 12. Bb1 cxd4 13. cxd4 Rc8 14. Nb3 Nc6 15. Ng5 Nf8 16. Qh5 Bxg5 17. Bxg5
Nb4 18. Rc1 Qd7 $14 {Bologan,V-Pelletier,J/Poikovsky 2003}) 6. Be2 Bb7 (6...
O-O 7. O-O c5 $5 (7... Bb7 8. Qc2 (8. e5 Nfd7 9. Re1 c5 10. d4 Ba6 11. Nf1 Bxe2
12. Qxe2 Nc6 $11 {1-0 Szczepkowska,K-Isgandarova,K/Wch G16 Halkidiki 2003/ (32)
}) 8... c5 9. a3 Nc6 10. b4 Qc7 11. b5 Nd8 12. Bb2 c4 13. exd5 cxd3 14. Bxd3
exd5 15. Nd4 Ne6 16. Nxe6 fxe6 17. c4 Bd6 $132 {0-1 Dworakowska,J-Radziewicz,I/
POL t-ch Krynica 1997 (35)}) 8. Re1 Nc6 9. Qc2 Qc7 10. Nf1 Rd8 11. Bg5 Bb7 12.
Ng3 h6 13. Bd2 Rac8 14. Rad1 Bf8 15. Qc1 e5 16. Nh4 Ne7 $11 {0-1 Klinova,
M-Rogers,I/Wijk aan Zee Corus Tens 2002/ (33)}) 7. Qa4+ Nfd7 $146 (7... Qd7 8.
Qc2 c5 9. e5 Ng4 10. h3 Nh6 11. O-O $13 {1/2-1/2 Oesterle,P-Speckner,R/BL 1990
(11)}) 8. O-O O-O 9. Re1 (9. e5 $5 c5 10. Qg4 Qc7 11. d4 cxd4 12. cxd4 Ba6 $5
13. Bxa6 Nxa6 $11) 9... c5 10. Nf1 c4 $5 (10... Qc7 $5) 11. Be3 (11. dxc4 dxe4
12. Nd4 Nc5 $13) (11. exd5 $6 cxd3 12. Bxd3 Nc5 $1 13. Qc2 Nxd3 14. Qxd3 Qxd5
$15) 11... cxd3 (11... Nc5 12. Bxc5 Bxc5 13. Rad1 $14 {[%cal Gd1d8]}) 12. Bxd3
Qc7 (12... Bc6 13. Qc2 dxe4 14. Bxe4 Nf6 15. Bxc6 Nxc6 $11) 13. e5 (13. Qc2
dxe4 14. Bxe4 Nf6 15. Bxb7 Qxb7 $11) 13... Nc5 {White immediately takes this
opportunity to exchange one of the dangerous white bishops, but, maybe the
brave} (13... Nxe5 $5 {could be a better option, for example} 14. Nxe5 Qxe5 15.
Qg4 Qf6 {[%cal Gf6h4]}) 14. Bxc5 bxc5 15. Qg4 (15. Qc2 g6 $5) 15... Nd7 16. Ng3
{[%cal Gg3h5]} (16. Ng5 $5) 16... d4 $6 17. Ng5 $6 {A step to the wrong
direction.} (17. cxd4 $142 cxd4 (17... Rad8 18. Ng5 $36) 18. Nxd4 {with
complicated game.}) 17... Bxg5 18. Qxg5 h6 19. Qh5 (19. Qe7 Rfe8) (19. Qf4 g5
$5 20. Qd2 Nxe5 21. cxd4 Nxd3 22. Qxd3 Qc6 23. f3 Qd5 $15) 19... c4 20. Bf1 (
20. Be4 d3 $15) 20... d3 $36 {[%csl Gc4,Gd3,Rf1]} 21. Rad1 Rad8 22. Re3 (22. b3
cxb3 23. axb3 Qxc3 24. Bxd3 Nxe5 $1) 22... Bd5 (22... f5 $5 23. exf6 Nxf6 {
[%csl Gb7,Gc7,Gd8,Gf6,Gf8]}) 23. b3 cxb3 (23... f5 $5) 24. axb3 Bxb3 25. Rdxd3
Bc2 $5 $15 {[%csl Ga7,Gc2,Rc3]} 26. Rd4 Bg6 27. Qh4 Nb6 {[%cal Rb6d5]} 28. c4
a5 29. Ra3 (29. Rb3 a4 30. Rb5 Ra8 {[%csl Ga4]}) 29... a4 30. c5 $6 {Knowing
how badly this move turned out for White in this game, I dare suggesting} (30.
Rxd8 $5 Rxd8 31. c5 Nd7 32. Qxa4 Nxe5 {and still it is not easy for black to
get something real.}) 30... Qxc5 31. Raxa4 (31. Rxd8 Qxa3 $19) 31... Rxd4 32.
Rxd4 Qxe5 $17 33. Rd8 Qc7 34. Rxf8+ Kxf8 35. Qb4+ Kg8 36. h4 Nd5 37. Qa3 (37.
Qc4 $5) 37... Qe5 38. Be2 (38. Qa5 $5) 38... Nc3 (38... Nf4 39. Bf3 (39. Bf1
Qf6 $1 $19) 39... Qe1+ 40. Kh2 Qxf2 41. Qa4 $1 Qe3 42. h5 Bd3 43. Qe8+ Kh7 44.
Qxf7 Qe5 {with good chances for victory.}) 39. Qa8+ (39. Bf3 $5) 39... Kh7 40.
Qf3 f5 $5 (40... h5 $5 {[%csl Rh4]}) 41. Bc4 f4 42. Ne2 Nxe2+ 43. Qxe2 (43.
Bxe2 $17) 43... Qxe2 44. Bxe2 {[%mdl 4096]} Be4 45. g3 (45. f3 Bf5 46. g3 $5 e5
$17) 45... Kg6 46. Bg4 (46. f3 Bd5 47. Kf2 Kf5 48. Bd3+ Ke5 49. Bg6) 46... e5
47. gxf4 $2 {Bologan slips up in a difficult position.} ({The lesser evil for
White was} 47. Kf1 $142 $8) 47... exf4 48. Kh2 Kf6 49. Bc8 Ke5 50. Bg4 Kd4 51.
Bc8 Bf3 52. Bd7 Kd3 53. Bb5+ Kd2 54. Kg1 Ke1 55. Be8 g5 $19 56. hxg5 hxg5 57.
Bf7 Be4 58. Be6 f3 59. Bd7 Bg6 (59... Bg6 60. Bg4 Ke2 61. Bc8 Bh5 62. Ba6+ Ke1
63. Bc8 g4 {[%cal Rg4g3]}) 0-1

[Event "Asia-ch"]
[Site "Kolkata"]
[Date "2001.08.14"]
[Round "8"]
[White "Kunte, Abhijit"]
[Black "Prasad, Devaki V"]
[Result "1-0"]
[WhiteElo "2547"]
[BlackElo "2440"]
[Annotator "Psakhis,L"]
[PlyCount "55"]
[EventDate "2001.08.09"]
[EventType "swiss"]
[EventRounds "11"]
[EventCountry "IND"]
[SourceTitle "CBM 085"]
[Source "ChessBase"]
[SourceDate "2001.11.13"]
[SourceVersion "1"]
[SourceVersionDate "2001.11.13"]
[SourceQuality "1"]

1. e4 e6 2. Qe2 {Old good move leads to complicated game without too much
theory.} c5 3. Nf3 Nc6 4. g3 g6 5. Bg2 Bg7 6. c3 Nge7 (6... d6 7. Na3 Nge7 8.
d3 b6 9. O-O Ba6 10. Rb1 O-O 11. b4 Bb7 12. Bb2 Qd7 13. b5 Na5 14. Ba1 d5 15.
e5 a6 16. Rfd1 Rfd8 17. bxa6 Rxa6 18. Nb5 Bc6 19. d4 Bxb5 20. Qxb5 Qxb5 21.
Rxb5 {Romanishin,O-Bischoff,K/Bad Endbach 1995/1/2-1/2 (44)}) 7. h4 h5 {
[%csl Rg5]} ({Worth considering} 7... h6 $5) 8. O-O d6 $146 ({Kunte already
used this line in Asian championship - and with success! After} 8... d5 9. d3
O-O 10. Bg5 Qc7 11. Na3 b6 12. Rfe1 Ba6 13. e5 b5 14. d4 cxd4 15. cxd4 Nf5 16.
Nc2 Rac8 17. Rac1 Qb6 18. Qd2 b4 19. b3 Qb5 20. Bf1 Qa5 {1-0 Kunte,A-Hoang
Thanh Trang/Asian-ch Calcutta 2001/The Week in Chess 353 (38) White got
advantage}) 9. d3 O-O 10. a3 Rb8 ({After} 10... a5 $6 11. a4 {[%csl Rb5,Rc4]
[%cal Gb1a3] White will have very easy game.}) 11. Be3 b5 ({Maybe better} 11...
b6 {but after} 12. d4 {white's position is slightly better, thank's to strong
pawn center.}) 12. b4 $1 {[%mdl 4]} cxb4 13. axb4 a6 $6 {Too passive.} ({
It was almost obligatory to play} 13... a5 $142 14. bxa5 Nxa5 $13) 14. d4 Qc7
15. Nbd2 Bb7 16. Rfc1 $36 Rbc8 17. Rab1 {Slowly, but surely Kunte overplayed
his opponent and got great position.} (17. Bh3 $5) 17... Nd8 (17... d5 18. Bf4
Qd7 19. e5 {[%csl Rb7][%cal Gg2h3,Gg3g4]}) (17... e5 18. d5 Nd8 19. c4 $1 $18)
18. Bg5 $1 {[%mdl 32] Trying to open second front on the king's side.} f6 (
18... Qd7 19. e5 $1) 19. Be3 {[%csl Re6,Rf6,Rg6,Rh5]} f5 20. Bg5 fxe4 21. Nxe4
Bd5 ({It will be very difficult to protect weak e6 pawn after} 21... Nd5 22.
Bh3 {[%csl Re6]}) 22. Ra1 Nf5 23. Ne1 {[%cal Ge1d3,Gd3f4]} (23. Rxa6 $4 Qb7)
23... Qc6 24. Nd3 Nb7 (24... Nf7 25. Nf4 Nxg5 $140 26. Nxg5 $18) 25. Nf4 $18 {
[%csl Ge4,Re6,Gf4,Gg5,Rg6] End of the game is close now- Black has too many
weaknesess.} Kf7 $6 (25... Kh7 $142) 26. Nxd5 exd5 27. Qa2 $1 {[%cal Re4f6,
Re4c5,Rg2c6,Ra2f7]} Qc4 (27... Kg8 28. Nc5 $1) (27... Ke8 28. Nd2) 28. Nxd6+ $1
{Final blow.Nice game from Abhijit Kunte.} (28. Nxd6+ Nbxd6 29. Bxd5+) 1-0

[Event "Sarajevo Bosnia 29th"]
[Site "Sarajevo"]
[Date "1999.05.25"]
[Round "8"]
[White "Adams, Michael"]
[Black "Bareev, Evgeny"]
[Result "1/2-1/2"]
[WhiteElo "2716"]
[BlackElo "2679"]
[Annotator "Psakhis,L"]
[PlyCount "70"]
[EventDate "1999.05.17"]
[EventType "tourn"]
[EventRounds "9"]
[EventCountry "BIH"]
[EventCategory "19"]
[SourceTitle "CBM 071"]
[Source "ChessBase"]
[SourceDate "1999.08.01"]
[SourceVersion "1"]
[SourceVersionDate "1999.08.01"]
[SourceQuality "1"]

1. e4 e6 2. d3 {Rare move in Adams repertoire, ussualy he continue 2.d4 d5 3.
Nd2 and gets good results.} d5 3. Nd2 Nf6 4. Ngf3 b6 {Bareev choose solid and
strong system against 2.d3} 5. c3 Be7 6. e5 ({White continue often} 6. Qa4+ $5
{but after} Qd7 7. Qc2 c5 {it is almost impossible to get even shadow of
advantage.}) 6... Nfd7 7. d4 c5 8. Bb5 $5 ({After} 8. Bd3 Ba6 9. Bxa6 Nxa6 10.
O-O O-O {black equalize without problems for example} 11. Qe2 Nc7 12. Re1 Qc8
13. Nf1 Qa6 14. Bg5 Bxg5 15. Nxg5 Qxe2 16. Rxe2 Rfc8 $11 {1/2-1/2 Smyslov,
V-Hug,W/Zurich shev. 1998 (44)}) 8... Ba6 (8... a6 9. Ba4 b5 10. Bc2 Nc6 11.
Nf1 b4 12. Ng3 bxc3 13. bxc3 Qa5 14. Bd2 Nb6 15. c4 Qa3 16. cxd5 exd5 17. O-O
$14 {1-0 Orsag,M-Jurek,J/CZE t-ch2 1998 (49)}) 9. a4 O-O ({Deserves attention} 
9... Bb7 $5 10. O-O Nc6 11. Re1 Rc8 12. Nf1 c4 13. Ng3 h5 $5 14. b4 cxb3 15.
Qxb3 Na5 $13 {1-0 Anand,V-Dreev,A/Hastings active 1995 (44) with complicated
but balanced game.}) 10. O-O cxd4 $5 {N/ Improvment compare} (10... Qc8 11. Qe2
Bxb5 12. axb5 a6 13. c4 $1 Qb7 14. cxd5 Qxd5 15. dxc5 Nxc5 16. Nc4 $36 {
1-0 Psakhis,L-Raicevic,V/Moskva 1986 and white got initiative.}) 11. cxd4 Qc8 (
11... Bxb5 $6 12. axb5 {[%csl Rb8,Rd7]}) 12. Re1 Nc6 13. Re3 Qb7 14. Nf1 (14.
Qe2 Nb4) 14... Rfc8 15. Bd2 Bxb5 16. axb5 Na5 (16... Nb4 17. Rc3 a5 $11 {
was enough for equality, but Bareev fights for an advantage.}) 17. b3 a6 18.
bxa6 Rxa6 19. h4 Nc6 20. Rc1 Raa8 21. Rec3 b5 {More cautious} (21... Na7 $11 {
went to equal game, and, maybe, it what black had to do.}) 22. Ng3 b4 23. R3c2
h6 24. Nh5 Bf8 25. g4 $1 {Adams increase preasure on the king side and black
must play now very regular.} Ne7 $5 (25... Na5 26. Rxc8 Rxc8 27. Rxc8 Qxc8 28.
g5 $14) 26. Rxc8 Rxc8 27. Rxc8 Nxc8 28. g5 Ne7 $1 (28... g6 $143 $6 {[%tqu
"En","How White must continue in this position.","","","g5h6","",10]} 29. gxh6
$1 gxh5 30. Ng5 Bxh6 $8 31. Qxh5 Bxg5 32. Qxg5+ (32. Bxg5 $2 Qc6 33. Bf6 Qc1+
34. Kg2 Nxf6 35. exf6 Qf4 $19) 32... Kf8 $1 (32... Kh7 33. h5 (33. Qh6+ Kg8 34.
Bg5 {[%cal Rg5f6]} Nd6 $8 35. exd6 Qb6) 33... Nf8 (33... Nb8 34. Qh6+ Kg8 35.
Bg5 f6 36. Qxf6 $16) 34. Qd8 $1 (34. Qf6 Qe7 $1 35. Qxe7 Nxe7 36. Bxb4 Nc6 37.
Bxf8 Nxd4 $13) 34... Nd7 35. h6 $18) 33. Qd8+ Kg7 34. h5 $1 Kh7 35. h6 f5 36.
exf6 $18) 29. gxh6 gxh6 30. Qc1 Qc6 $1 {Cool defence!} (30... Nf5 31. Ng3 Nxg3
32. fxg3 $14) 31. Bxh6 Qxc1+ 32. Bxc1 Nc6 $44 {[%csl Rb3,Rd4][%cal Gc6a5]} 33.
Bg5 (33. Be3 $140 $5 Na5 34. Nd2 Be7 35. Bg5 Bxg5 36. hxg5 Nc6 37. Nf3 Na5 38.
Nf4 $1 Nxb3 39. Nd3 Kh7 40. Nxb4 Kg6 41. Nc6) 33... Na5 34. Nd2 Nc6 35. Nf3 (
35. Be3 Be7) 35... Na5 1/2-1/2

[Event "FRA-ch Low Pool"]
[Site "Marseille"]
[Date "2001.08.13"]
[Round "8"]
[White "Belkhodja, Slim"]
[Black "Apicella, Manuel"]
[Result "1-0"]
[WhiteElo "2531"]
[BlackElo "2524"]
[Annotator "Psakhis,L"]
[PlyCount "59"]
[EventDate "2001.08.13"]
[EventType "schev"]
[EventRounds "4"]
[EventCountry "FRA"]
[SourceTitle "CBM 085"]
[Source "ChessBase"]
[SourceDate "2001.11.13"]
[SourceVersion "1"]
[SourceVersionDate "2001.11.13"]
[SourceQuality "1"]

1. e4 e6 2. d3 d5 3. Nd2 (3. Qe2 {is more popular nowdays.}) 3... Nf6 4. Ngf3
Nc6 {Not bad move, but, maybe,} (4... c5) ({or} 4... b6 {equalize easy.}) 5.
Be2 (5. c3 a5 6. Be2 Bd6 $5 7. O-O O-O 8. Re1 e5 9. Bf1 Re8 10. b3 Bg4 11. h3
Bh5 12. a3 d4 13. c4 Nd7 14. Be2 Bg6 15. Nf1 Rb8 $11 {1/2-1/2 Kochetkov,
G-Shulman,Y/BLA-ch Minsk 1998 (51)}) 5... dxe4 6. dxe4 e5 7. Bb5 $146 {It
looks now muvh more like Spanish, but not French!} (7. O-O Bc5 8. c3 a5 9. Qc2
O-O 10. Bb5 Qe7 11. Nb3 Bb6 12. Nbd2 Qc5 13. a4 Be6 14. Bxc6 bxc6 15. b3 Qe7
16. Nxe5 Bxb3 17. Nxc6 Bxc2 18. Nxe7+ Kh8 19. Nd5 Nxd5 20. exd5 Rad8 {
Pokojowczyk,J-Drvota,A/Prague BOH 1978/1/2-1/2 (40)}) (7. c3 a6 8. O-O Bc5 9.
Qc2 O-O 10. Nc4 Qe7 11. b4 Bd6 12. Rd1 Be6 13. Bg5 Bxc4 14. Bxc4 h6 15. Bh4 Nd8
16. Nd2 a5 17. Nf1 g5 18. Bg3 axb4 19. Ne3 Qe8 20. Nf5 Kh7 21. Nxd6 cxd6 {
Bischoff,K-Kallai,G/Budapest Elekes 1985/1/2-1/2 (47)}) 7... Bc5 ({I don't see
any troubles for Black after} 7... Bd7 $5 {for example} 8. Bxc6 $140 Bxc6 9.
Nxe5 Bxe4 10. Qe2 Qd5 $1 (10... Qe7 11. Nxe4 Qxe5 12. Nxf6+ gxf6 13. Bf4 $14)
11. Nxe4 Qxe4 12. Qxe4 Nxe4 $11) 8. Bxc6+ $1 {Important move, Black will have
problems with weak pawn up to end of the game.} (8. Nxe5 Bxf2+ 9. Kf1 (9. Kxf2
Qd4+ 10. Ke1 Qxe5) 9... O-O $1 10. Nxc6 (10. Bxc6 bxc6 {[%cal Rc8a6]}) 10...
bxc6 11. Bd3 Bb6 {[%csl Rf1]}) 8... bxc6 9. Qe2 $14 {[%csl Rc6,Rc7,Re5]} Qe7
10. O-O O-O 11. b3 {[%cal Gc1b2]} Nh5 12. Nc4 Bg4 13. Be3 {Surely not} (13. h3
$4 Ng3 $1) 13... f5 {Trying to get counterplay on the >>, bur makes White's
task even simplier.} (13... Bxe3 14. Qxe3 $14) 14. Bxc5 Qxc5 15. Ncxe5 Rfe8 (
15... Nf4 16. Qe3 Qxe3 17. fxe3 $16) ({Was the best chance, but after} 15...
Bxf3 $5 16. Nxf3 fxe4 17. Qxe4 Rae8 18. Qd4 Qxc2 19. Rfe1 $14 {White's
advantage is clear.}) (15... Qxe5 $4 16. Qc4+) 16. exf5 (16. Nd3 $5 Bxf3 (16...
Qe7 17. e5) 17. Qxf3 fxe4 18. Qf7+ $5 (18. Qxe4 Qxc2 19. Qf3 $14) 18... Kxf7
19. Nxc5 Re5 20. b4 a5 21. c3 $16) 16... Bxf5 (16... Bxf3 17. Qxf3 Rxe5 18.
Qxh5 Rxf5 19. Qe2 $16) 17. Rfe1 Rad8 18. Qe3 $1 Qxc2 {Lose immediately, but} (
18... Qxe3 $142 19. Rxe3 Bxc2 20. Nxc6 $16 {is bad enough!}) 19. Nd4 $18 {
White just win bishop without any compensation, rest is just question of very
simple technique.} Qb2 (19... Qe4 20. Nexc6 $1 Qxe3 21. Rxe3 $18) 20. Nxf5 Rd5
21. f4 g5 (21... Nxf4 22. Qxf4 Rdxe5 23. Rf1 $18) 22. Qc1 $5 Qxc1 23. Raxc1
Nxf4 24. Nxc6 Rxe1+ 25. Rxe1 Rd2 26. Re7 Rxg2+ 27. Kf1 Rxh2 28. Ne5 Ng6 29.
Re8+ Nf8 30. Ng4 1-0